Trace the Jet Lag: The Game S13 road - Statistics

General Stats
  • This quiz has been taken 20 times
  • The average score is 19 of 48
Answer Stats
City % Correct
Brussels
100%
London
100%
Liège
73%
London
73%
Zurich
73%
Bratislava
60%
Helsinki
60%
Maastricht
60%
Vienna
60%
Vienna
60%
Vilnius
60%
Copenhagen
53%
Copenhagen
53%
Malmö
53%
Vienna
53%
Brussels
47%
Singen
47%
Amsterdam
40%
Basel
40%
Copenhagen
40%
Copenhagen
40%
Liège
40%
Malmö
40%
Rome
40%
Rome
40%
Vatican City
40%
Zug
40%
Zurich
40%
Breclav
33%
Oslo
33%
Zurich
33%
Hegyeshalom
27%
Saint-Louis
27%
Zurich
27%
Basel
20%
Basel
20%
Saint-Louis
20%
Höchst
13%
Sandefjord
13%
Schaan
13%
St Margrethen
13%
St Margrethen
13%
Waldshut
13%
Buchs
7%
Buchs
7%
Sargans
7%
Rorschach
0%
Torp
0%
No matching quizzes found
Score Distribution
Percent of People with Each Score
Percentile by Number Answered
Your Score History
You have not taken this quiz